Lịch sử sân khấu thế giới; T2

Salvato in:
Dettagli Bibliografici
Autore principale: Lịch sử sân khấu thế giới; T2
Natura: Libro
Lingua:Undetermined
Pubblicazione: Hà Nội Văn hóa 1977
Soggetti:
Tags: Aggiungi Tag
Nessun Tag, puoi essere il primo ad aggiungerne! !
Thư viện lưu trữ: Trung tâm Học liệu Trường Đại học Cần Thơ
LEADER 00615nam a2200169Ia 4500
001 CTU_9857
008 210402s9999 xx 000 0 und d
082 |a 792.09 
082 |b M716/T2 
100 |a Lịch sử sân khấu thế giới; T2 
245 0 |a Lịch sử sân khấu thế giới; T2 
245 0 |c Lịch sử sân khấu thế giới; T2, X. X. Mokunski; Dịch giả: Đức Nam, Hoàng Oanh, Hải Dương 
260 |a Hà Nội 
260 |b Văn hóa 
260 |c 1977 
650 |a theater - history 
980 |a Trung tâm Học liệu Trường Đại học Cần Thơ